• 首页
  • 本馆介绍
  • 公告通知
  • 最新文献
  • 馆藏检索
  • 电子资源
  • 读者导购
  • 参考咨询
  • 我的图书馆
  • 登录
  • 详细信息显示
  • 放入我的书架
  • 预约/预借图书
  • 作者相关作品
  • 分类相关作品
  • 丛书相关作品
  • 出版社相关作品

书目信息

  • 表格格式
  • 工作单格式
  • 卡片格式
题名:
基于多元数据的森林植被监测与遥感反演技术
    
 
作者: 党永峰 , 王雪军 , 陆诗雷 著
分册:  
出版信息: 北京   中国林业出版社  2013
页数: 16,191页
开本: 26cm
丛书名:
单 册:
中图分类: S758.4 , S771.8
科图分类:
主题词: 森林植被--监测 , 森林遥感 , 森林植被 , 监测
电子资源:
ISBN: 978-7-5038-7148-1
000 01130nam0 2200301 450
001 012015000774
005 20150914163803.57
010    @a978-7-5038-7148-1@dCNY60.00
100    @a20141027d2013 em y0chiy50 ea
101 0  @achi
102    @aCN@b110000
105    @aa z 000yy
106    @ar
200 1  @a基于多元数据的森林植被监测与遥感反演技术@Aji yu duo yuan shu ju de sen lin zhi bei jian ce yu yao gan fan yan ji shu@f党永峰,王雪军,陆诗雷等著
210    @a北京@c中国林业出版社@d2013
215    @a16,191页@c图@d26cm
330    @a本书基于多元遥感数据和地面调查数据,对如何利用遥感技术反演森林面积、郁闭度、蓄积量以及其他参数这些技术问题进行了系统研究和总结,探求遥感在生产应用中的最佳技术模式,为改进森林资源监测技术方法,促进和提升林业遥感应用技术水平,进行了非常有价值的探索。
606 0  @a森林植被@x监测
606 0  @a森林遥感
606 0  @a森林植被
606 0  @a监测
690    @aS758.4@v5
690    @aS771.8@v5
701  0 @a党永峰@Adang yong feng@4著
701  0 @a王雪军@Awang xue jun@4著
701  0 @a陆诗雷@Alu shi lei@4著
801  0 @aCN@b碧洲教育@c20150718
905    @a10447@f4@dS758.4@e73
    
    基于多元数据的森林植被监测与遥感反演技术/党永峰,王雪军,陆诗雷等著.-北京:中国林业出版社,2013
    16,191页:图;26cm
    
    
    ISBN 978-7-5038-7148-1:CNY60.00
    本书基于多元遥感数据和地面调查数据,对如何利用遥感技术反演森林面积、郁闭度、蓄积量以及其他参数这些技术问题进行了系统研究和总结,探求遥感在生产应用中的最佳技术模式,为改进森林资源监测技术方法,促进和提升林业遥感应用技术水平,进行了非常有价值的探索。
●
相关链接 在E读中查询图书 在五车中查询图书 在当当中查询图书 在豆瓣中查询图书


正题名:基于多元数据的森林植被监测与遥感反演技术     索取号:S758.4/73         预约/预借

序号 登录号 条形码 馆藏地/架位号 状态 备注
1 0848081   208480810   第二样本阅览室/ [索取号:S758.4/73] 在馆    
2 0848082   208480829   第三借阅区/ [索取号:S758.4/73] 在馆    
3 0848083   208480838   第三借阅区/ [索取号:S758.4/73] 在馆    
4 0848084   208480847   生命科学系资料室/ [索取号:S758.4/73] 在馆    
唐山师范学院图书馆 欢迎您!
大连网信软件有限公司© 版权所有